| 000 | 00493nam a22001817a 4500 | ||
|---|---|---|---|
| 999 |
_c190386 _d190386 |
||
| 005 | 20220722162335.0 | ||
| 010 | _aENG-133867 | ||
| 020 |
_c200.00 _a978-81-910340-3-5 |
||
| 035 | _aEN-117399 | ||
| 037 | _bDBAD/PUB | ||
| 082 | _aN | ||
| 100 | _aBose, Aniruddha Bose | ||
| 245 |
_aThe Vision/ _cAniruddha Bose |
||
| 260 |
_aKolkata _bSmriti Publishers _c2012 |
||
| 270 |
_a"OASIS" CF-41 Sector I Salt Lake City _bKolkata _e700064 |
||
| 300 |
_a176p. _c19cm(pbk) |
||
| 942 |
_2ddc _cEN _hN _mANI |
||